Statistics for Queen Top 10 Hits

Click here to take the quiz!

General Stats

  • This quiz has been taken 4,946 times
  • The average score is 9 of 22

Answer Stats

HintAnswer% Correct
1975Bohemian Rhapsody
93%
1977We Are the Champions/We Will Rock You
90%
1974Killer Queen
73%
1980Another One Bites the Dust
65%
1984Radio Ga Ga
63%
1979Don't Stop Me Now
62%
1984I Want to Break Free
56%
1976Somebody to Love
56%
1981Under Pressure
54%
1979Crazy Little Thing Called Love
42%
1991Innuendo
34%
1974Seven seas of Rhye
34%
1989I Want it All
31%
1976You're My Best Friend
30%
1980Flash
28%
1986A Kind of Magic
26%
1985One Vision
22%
1989Breakthru
15%
1984It's a Hard Life
11%
1995Heaven for Everyone
8%
1995A Winter's Tale
5%
1996Let Me Live
4%

Score Distribution

Percentile by Number Answered

Percent of People with Each Score

Your Score History

You have not taken this quiz